000
00317pab a2200145 454500
008
180718b2004 xxu||||| |||| 00| 0 eng d
100
_a
Bhuyan, Anjan
245
_a
Rural tourism: a new promise
260
_c
2004
300
_a
p.42-46.
362
_a
Sep
650
_a
Tourism
773
_a
Yojana
909
_a
62195
999
_c
62195
_d
62195